La Biblia en el cristianismo antiguo: Prenicenos. Gnósticos. Apócrifos

Salvato in:
Dettagli Bibliografici
Autore principale: Trevijano Etcheverría, Ramón (Autore)
Natura: Libro
Lingua:spagnolo
Pubblicazione: Pamplona Verbo Divino 2001
Serie:Introducción al Estudio de la Biblia, 10
Soggetti:
Tags: Aggiungi Tag
Nessun Tag, puoi essere il primo ad aggiungerne!!

MARC

LEADER 00000nam a2200000 a 4500
001 UCI8925
003 CL-VaPUC
008 081009e20010000SP |||||||||||||||||spa|d
020 |a 8471519119 
082 0 4 |a 220.92  |b TRE  |2 21 
100 0 |a Trevijano Etcheverría, Ramón  |e author  |9 532575 
245 1 3 |a La Biblia en el cristianismo antiguo: Prenicenos. Gnósticos. Apócrifos 
300 |a 488 p 
942 |c BK 
945 |d 20081009 00:00:00  |a jtorresc 
260 |a Pamplona  |b Verbo Divino  |c 2001 
650 0 |a Biblia  |9 257603 
650 0 |a Antropología   |9 233030 
650 0 |a Exégesis   |9 365279 
583 |a last modification  |c 20130402 09:45:16  |k Rodrigo Vera 
490 0 |a Introducción al Estudio de la Biblia, 10 
999 |c 331659  |d 331657 
952 |0 0  |1 0  |4 0  |6 220_920000000000000_TRE_2001  |7 0  |8 A  |9 418536  |a BIBTEO  |b BIBTEO  |d 2019-11-22  |i 4487648  |o 220.92 TRE 2001  |p 4487648  |r 2025-01-17  |w 2019-11-22  |y BK  |k ICR